Normal view
MARC view
Entry Topical Term
001 - CONTROL NUMBER
- control field: 10519
003 - CONTROL NUMBER IDENTIFIER
- control field: BD-RjUL
005 - DATE AND TIME OF LATEST TRANSACTION
- control field: 20231213120239.0
008 - FIXED-LENGTH DATA ELEMENTS
- fixed length control field: 231213|| aca||aabn | a|a d
040 ## - CATALOGING SOURCE
- Original cataloging agency: BD-RjUL
- Transcribing agency: BD-RjUL
150 ## - HEADING--TOPICAL TERM
- Topical term or geographic name entry element: Asrār-i khūdī (Iqbal, Muhammad, Sir) Criticism
670 ## - SOURCE DATA FOUND
- Source citation: Work cat.: (BD-RjUL)82466: Chishtī, Muhammad Yūsuf Khan Salīm ,چشتی٫ محمد يوسف خان سليم 1896-1984. 10517, شرح اسرار خودی ;; Sharḥ-i Asrār-i k̲h̲vudī /, 1945.